|
|
|
|
| LEADER |
00000nam a2200000 4500 |
| 008 |
180620b2000 sp ||||| |||| 00| | spa d |
| 999 |
|
|
|c 3517
|d 3517
|
| 020 |
|
|
|a 8433015141
|
| 090 |
|
|
|a 06.01.01
|b 2478
|
| 100 |
|
|
|9 3800
|a Vilanou, Conrad
|e Coordinador/a
|
| 245 |
1 |
0 |
|a Historia de la educación en valores: volumen I /
|c Conrad Vilanou, Eulalia Collelldemont (Coordinadores)
|
| 260 |
|
|
|a Bilbao :
|b Desclée,
|c 2000
|
| 300 |
|
|
|a 203 páginas
|
| 490 |
|
|
|a Aprender a ser
|
| 650 |
1 |
0 |
|a EDUCACIÓN EN VALORES
|9 719
|
| 650 |
1 |
4 |
|9 832
|a HISTORIA DE LA EDUCACIÓN
|
| 700 |
|
|
|9 3801
|a Collelldemont, Eulalia
|e Coordinador/a
|
| 942 |
|
|
|i 004463
|h 06.01.01 2478
|2 z
|c 01
|